000 00479nam a2200157Ia 4500
999 _c20173
_d20173
003 OSt
005 20200623140250.0
008 190216s9999||||xx |||||||||||||| ||und||
040 _coclc
082 _a954.025
_bCHH/A
100 _aChhabra, G S
_93141
245 0 _aAdvanced Study In The History Of Modern India /
_cG S Chhabra
260 _bSterling Publications,
_c1987.
_aNew Delhi:
300 _a403p
942 _cBK
_2ddc
_h954.025
_iCHH/A
_k954.025
_mCHH/A